Statistics for Geography quiz of Southeast, South and East Asia

Click here to take the quiz!

General Stats

  • This quiz has been taken 27 times
    (10 since last reset)
  • The average score is 28 of 72

Answer Stats

HintDescriptionAnswer% Correct
CountriesCountriesTaiwan
100%
CountriesCountriesBhutan
90%
CountriesCountriesBrunei
90%
CountriesCountriesCambodia
90%
CountriesCountriesChina
90%
CountriesCountriesEast Timor
90%
CountriesCountriesIndia
90%
CountriesCountriesIndonesia
90%
CountriesCountriesLaos
90%
CountriesCountriesMyanmar
90%
CountriesCountriesPakistan
90%
CountriesCountriesPhilippines
90%
CountriesCountriesSingapore
90%
CountriesCountriesVietnam
90%
CountriesCountriesJapan
80%
CountriesCountriesMaldives
80%
CountriesCountriesNepal
80%
CountriesCountriesThailand
80%
CountriesCountriesAfghanistan
70%
CountriesCountriesMalaysia
70%
CountriesCountriesNorth Korea
70%
Major City2nd biggest city in China (city proper)Shanghai
70%
CountriesCountriesSouth Korea
70%
Major CityBiggest city of the world (metropolitan area)Tokyo
70%
Island(s)Most populated island in the worldJava
60%
CountriesCountriesSri Lanka
60%
Island(s)"Teadrop of India"Sri Lanka
60%
Major CityCapital of IndiaDelhi / New Delhi
50%
DesertDesert covering Sinkiang, Inner Mongolia and MongoliaGobi Desert
50%
Major CityCapital of IndonesiaJakarta
50%
Island(s)Biggest island in the East IndiesBorneo
40%
Island(s)Main Island of JapanHonshu
40%
Major CityBiggest city in PakistanKarachi
30%
PenninsulaPenninsula containing the cities of Seoul and PyongyangKorea
30%
Island(s)Major Island group in the PhilippinesLuzon
30%
Major CityFormerly known as BombayMumbai
30%
HistoryWhat was China's last dynastyQing
30%
Major RiverRiver in North-Central ChinaYangtze-Yellow
30%
SubregionSubegion in Eastern India and BangladeshBengal
20%
Major RiverRiver in Pakistan and TibetIndus
20%
Major RiverRiver in Indochina and Southern ChinaMekong
20%
DesertDesert covering Western IndiaThar Desert
20%
Major CityCity located where the Ganges and Brahmaputra Rivers flow into each otherDhaka
10%
Major RiverRiver in Northern IndiaGanga / Ganges
10%
Mountain RangeMountain Range that marks the border between South and East AsiaHimalayas
10%
PenninsulaSurrounded by the Bay of Bengal, Gulf of Thailand and the South China SeaIndochina
10%
SubregionSubregion in Northern India and PakistanKashmir
10%
Island(s)Group of islands off the coast of KeralaLakshadweep
10%
ForestType of forest covering most of Indonesia, Malaysia and IndochinaMangrove
10%
HistoryWhat country controlled Surat in 1787Netherlands
10%
GrasslandA forest-like grassland in Bangladesh and West BengalSundarbans
10%
Major RiverRiver in Northern China and MongoliaAmur
0%
Island(s)Biggest Island group in IndiaAndaman and Nicobar
0%
QuestionName one island that is fully surrounded by the Bali SeaArmura Atoll / Kusmara Islands
0%
SubregionWestern Pakistan and AfghanistanBalochistan
0%
Major CityBiggest city in the world (city proper)Chongqing
0%
PenninsulaCovers most of indiaDeccan
0%
PlateauPlateau that runs through the Indian States of Karnataka, Telangana and AndhraDeccan Plateau
0%
DesertDesert that covers most of Western AfghanistanGreat Salt Desert
0%
Mountain RangeMountain Range in Northern AfghanistanHindu Kush
0%
GrasslandGrassland that streches from Punjab into BangladeshIndo-Gangetic Plains
0%
Mountain RangeRange that passes through LadakhLadakh Range
0%
QuestionWhich strait separates Male Atoll from Uruqi AtollMale Strait
0%
HistoryWhat Malayan Kingdom united most of Indonesia circa 1340sMapajahit
0%
HistoryIn 1881, the British added ________ and _________ to the British RajPeshawar / Northwest Frontier
0%
SubregionFertile subregion, North of the Thar DesertPunjab
0%
SubregionNorthwestern ChinaSinkiang
0%
GrasslandA desert-like grassland in Central Asia and SinkiangSteepes
0%
DesertDesert covering Badhakstan and SinkiangTaklamkan Desert
0%
PlateauPlateau in Southern China.Tibetan Plateau
0%
Mountain RangeMountain Range that runs through Central IndiaVindhya Mountains
0%
Major RiverRiver in Central IndiaYamuna
0%

Score Distribution

Percentile by Number Answered

Percent of People with Each Score

Your Score History

You have not taken this quiz since the last reset